Women, Feminism, and Islam (Record no. 13620)
[ view plain ]
| 000 -LEADER | |
|---|---|
| fixed length control field | 00222nam a22001097a 4500 |
| 082 ## - DEWEY DECIMAL CLASSIFICATION NUMBER | |
| Classification number | 297 |
| 100 ## - MAIN ENTRY--AUTHOR NAME | |
| Personal name | Adeel Zeerak |
| 245 ## - TITLE STATEMENT | |
| Title | Women, Feminism, and Islam |
| 300 ## - PHYSICAL DESCRIPTION | |
| Number of Pages | 180 Pages |
| 650 ## - SUBJECT ADDED ENTRY--TOPICAL TERM | |
| Topical Term | Women, islam, |
| 942 ## - ADDED ENTRY ELEMENTS (KOHA) | |
| Koha item type | Books |
| Withdrawn status | Lost status | Collection code | Permanent Location | Current Location | Shelving location | Date acquired | Full call number | Accession Number | Koha item type |
|---|---|---|---|---|---|---|---|---|---|
| | | Islamic Studies | MAJU | MAJU | Shelf No.A-9 | 2022-12-23 | 297 ADE | 10726 | Books |